000 00553nam a2200169Ia 4500
005 20250728154342.0
008 250728s9999 xx 000 0 und d
020 _a9780521882286
082 _a949.51202
_bKAL
100 _aKaldellis, Anthony
245 4 _aThe Christian Parthenon
260 _bCambridge University Press
_c2009
300 _a253 pages
500 _aExamines the history of Byzantine Athens, and especially the Parthenon, which became a Christian church and major site of pilgrimage.
650 _aArchitecture
942 _cENGLISH
999 _c577733
_d577733